|
|
|
|
| LEADER |
00000ntm a22000007u 4500 |
| 001 |
zp2737 |
| 041 |
|
|
|a eng
|
| 100 |
1 |
|
|a Světlíková, Pavla
|4 dis
|
| 245 |
1 |
0 |
|a Position of the Cannes Lions in the World of Advertising
|
| 246 |
|
|
|a Position of the Cannes Lions in the World of Advertising
|
| 260 |
|
|
|c 2006
|
| 300 |
|
|
|a 81 s.
|
| 500 |
|
|
|a Studijní obor: Marketingové komunikace
|
| 500 |
|
|
|a Studijní obor: Marketing Communications
|
| 500 |
|
|
|a Ústav: Ústav marketingových komunikací
|
| 500 |
|
|
|a Univerzita Tomáše Bati ve Zlíně. Fakulta multimediálních komunikací
|
| 500 |
|
|
|a Tomas Bata University in Zlín. Faculty of Multimedia Communications
|
| 506 |
|
|
|a Pouze v rámci univerzity
|
| 653 |
|
|
|a pozice
|
| 653 |
|
|
|a konkurenční pozice
|
| 653 |
|
|
|a event marketing
|
| 653 |
|
|
|a event
|
| 653 |
|
|
|a reklamní festival
|
| 653 |
|
|
|a reklamní ocenění
|
| 653 |
|
|
|a positioning
|
| 653 |
|
|
|a competitive position
|
| 653 |
|
|
|a event marketing
|
| 653 |
|
|
|a event
|
| 653 |
|
|
|a advertising festival
|
| 653 |
|
|
|a advertising award
|
| 655 |
|
4 |
|a diplomová práce
|
| 700 |
1 |
|
|a Zavřelová, Veronika
|4 ths
|
| 710 |
2 |
|
|a Univerzita Tomáše Bati ve Zlíně. Fakulta multimediálních komunikací
|4 dgg
|
| 710 |
2 |
|
|a Tomas Bata University in Zlín. Faculty of Multimedia Communications
|4 dgg
|
| 856 |
4 |
0 |
|u http://hdl.handle.net/10563/524
|y Plný text v Digitální knihovně UTB
|